Les magasins Decathlon dans le monde - Statistiques

Statistiques générales
  • Ce quiz a été pris 185 fois
  • Le résultat moyen est 46 sur 69
Réponses sur la Carte
Les réponses sont colorées sur une échelle allant du rouge au vert en fonction du pourcentage des utilisateurs qui les ont devinées à leur premier essai. Vous pouvez retrouver ces pourcentages ci-dessous.
 
Statistiques - réponses
Hint Hint Pays % Correct
386 105 France
100%
372 127.5 Espagne
98%
416.4 124.2 Italie
96%
377 86 Royaume-Uni
95%
404.0 89.9 Allemagne
93%
361.7 127.6 Portugal
92%
391.0 91.0 Belgique
90%
615.0 140.9 Chine
89%
398.4 103.5 Suisse
89%
143 66 Canada
88%
384.2 167.2 Algérie
86%
683.0 342.0 Australie
86%
363.0 82.5 Irlande
86%
266 294 Brésil
85%
366.0 153.5 Maroc
85%
693.3 140.0 Japon
84%
70.6 86.9 Pays-Bas
84%
414.2 100.9 Autriche
83%
556 185.9 Inde
83%
414.3 60.5 Suède
82%
401 148 Tunisie
81%
460.3 130.6 Turquie
81%
460.3 130.6 Turquie
81%
423.6 87.1 Pologne
79%
401.5 73.5 Danemark
78%
151.0 182.0 Mexique
78%
430 129 Grèce
76%
431 365 Afrique du Sud
75%
450.6 96.0 Ukraine
75%
447.0 171.3 Egypte
74%
436.7 107.1 Roumanie
73%
418.0 108.0 Croatie
71%
669 139 Corée du Sud
70%
414.0 93.8 République Tchèque
70%
482.1 179.9 Arabie Saoudite
67%
776.7 391.9 Nouvelle-Zélande
67%
218 384 Chili
66%
424.4 103.1 Hongrie
66%
635.5 264 Indonésie
66%
423.0 98.0 Slovaquie
66%
413.0 106.5 Slovenie
66%
394.3 94.2 Luxembourg
65%
437.8 117.9 Bulgarie
61%
433.0 267.2 République Démocratique du Congo
61%
427.6 113.0 Serbie
61%
608.0 207.9 Thailande
60%
216.3 247.5 Colombie
58%
438.0 70.6 Lettonie
58%
434.3 76.3 Lituanie
57%
624.3 219.9 Vietnam
57%
347 212 Sénégal
55%
502.0 182.5 Émirats Arabes Unis
53%
495.7 176.2 Qatar
52%
459.0 157.0 Israël
48%
461.7 146.8 Liban
47%
397.2 114.5 Monaco
46%
657 220.6 Philippines
45%
509.33 187.2 Oman
44%
616.0 219.1 Cambodge
43%
610.3 247.2 Malaisie
43%
412.9 141.1 Malte
43%
368.0 235.9 Cote d'Ivoire
40%
533.0 100.0 Kazakhstan
34%
614.2 256.7 Singapour
33%
465.8 259.9 Kenya
27%
487.0 162.9 Koweït
26%
494.3 174.0 Bahreïn
25%
583.0 181.8 Bangladesh
24%
378.2 234.5 Ghana
24%
Aucun quiz correspondant
Distribution des résultats
% des personnes avec chaque résultat
Percentile par nombre de réponses
Votre historique - résultats
Vous n’avez pas pris ce quiz